| 000 | 00449nam a22001697a 4500 | ||
|---|---|---|---|
| 999 |
_c11153 _d11153 |
||
| 003 | OSt | ||
| 008 | 220415b ||||| |||| 00| 0 eng d | ||
| 020 | _a9780195622720 | ||
| 082 | _a428 HOG | ||
| 100 | _aHORNBY, A.S. | ||
| 245 | _aGuide To Patterns and Usage in English | ||
| 250 | _a2nd Edition | ||
| 260 |
_aNew Delhi _bOxford University Press _c2016 |
||
| 300 | _a238 | ||
| 650 | _aGuide To Patterns and Usage in English | ||
| 942 |
_2ddc _cBK _01 |
||